| 000 | 00910nam a2200289 i 4500 | ||
|---|---|---|---|
| 003 | EG-ScBUE | ||
| 005 | 20240327110346.0 | ||
| 008 | 120809t2012 scua f 000 0 eng d | ||
| 020 | _a0615508383 | ||
| 020 | _a9780615508382 | ||
| 040 |
_aEG-ScBUE _beng _erda _cEG-ScBUE _dEG-ScBUE |
||
| 043 | _af-ua--- | ||
| 082 | 0 | 4 |
_222 _a932 _bDOU |
| 100 | 1 |
_930825 _aDouglas, Stephen S., _eauthor. |
|
| 245 | 1 | 4 |
_aThe great Pyramid mystery : _bnew discoveries revealed / _cby Stephen Stuart Douglas. |
| 264 | 1 |
_aCharleston, SC : _bStephen S. Douglas, _c[2012] |
|
| 264 | 4 | _cc2012 | |
| 300 |
_a136 pages : _billustrations ; _c28 cm |
||
| 336 |
_2rdacontent _atext _btxt |
||
| 337 |
_aunmediated _2rdamedia _bn |
||
| 338 |
_avolume _bnc _2rdacarrier |
||
| 651 | 7 |
_910774 _aEgypt _xCivilization. _2BUEsh |
|
| 651 | 7 |
_930792 _aEgypt _xAntiquities. _2BUEsh |
|
| 653 | _cAugust2012 | ||
| 655 | _vReading book | ||
| 942 |
_2ddc _cBB |
||
| 999 |
_c16937 _d16937 |
||